000
00242nam a2200097Ia 4500
001
819748
005
20250826171818.0
008
250824s9999 xx 000 0 und d
245
0
_a
İNSAN NE İLE YAŞAR
_c
TOLSTOY
260
_b
KAYALIPARK YAYINLARI
999
_c
819748
_d
819748